Lanean...
Microeconomic analysis
| Egile nagusia: | |
|---|---|
| Formatua: | Printed Book |
| Hizkuntza: | English |
| Argitaratua: |
New York
John Wiley
1969
|
| Gaiak: |
| LEADER | 00518nam a2200169 a 4500 | ||
|---|---|---|---|
| 005 | 20151215124704.0 | ||
| 008 | 960221s1955 dcuabcdjdbkoqu001 0deng d | ||
| 003 | ViArRB | ||
| 082 | |a 338.5 |b BRA | ||
| 100 | |a Braff, Allen J. |9 6006 | ||
| 245 | |a Microeconomic analysis | ||
| 300 | |c xiii, 295p. | ||
| 653 | |a Microeconomic | ||
| 942 | |c BK |6 _ | ||
| 260 | |a New York |b John Wiley |c 1969 | ||
| 999 | |c 89850 |d 89850 | ||
| 952 | |0 0 |1 0 |2 ddc |4 0 |6 3385_BRA |7 0 |9 112799 |a SMS |b SMS |c GEN |d 0000-00-00 |g 51.67 |o 338.5 BRA |p SMS006898 |r 2009-08-21 |w 2009-08-21 |y BK | ||